Gares desservies par le IC1 en Suisse - Statistiques

Statistiques générales
  • Ce quiz a été pris 14 fois
  • Le résultat moyen est 12 sur 15
Statistiques - réponses
Gare % Correct
Genève
100%
Lausanne
100%
Bern
93%
Fribourg/Freiburg
93%
Genève-Aéroport
93%
St. Gallen
93%
Renens VD
86%
Zürich HB
86%
Zürich Flughafen
79%
Winterthur
71%
Wil SG
64%
Zürich Oerlikon
57%
Gossau SG
50%
Uzwil
50%
Flawil
43%
Aucun quiz correspondant
Distribution des résultats
% des personnes avec chaque résultat
Percentile par nombre de réponses
Votre historique - résultats
Vous n’avez pas pris ce quiz